000 00678nam a2200253Ia 4500
003 OSt
005 20220926010227.0
006 a|||||r|||| 00| 0
007 ta
008 220923b |||||||| |||| 00| 0 eng d
020 _a0706904842
037 _cGeneral Book
040 _aRTL
_cRTL
_beng
041 _2eng
_aeng
082 _aV2, 1y7I83, L7
100 _aMuni Lal
_998112
245 0 _aBabar
_b Life and times
260 _a New Delhi
_bVikas Publishing House Pvt India
_c1977
300 _ax, 126p
_ccm.
500 _aIndex:P.119-26
650 _aPresident
942 _hV2, 1y7I83, L7
_cGB
_2CC
999 _c616783
_d616783